000 00678nam a2200241 i 4500
001 bgj
100 1 _aCaldwell, Taylor
_d(1900-1985).
245 1 0 _aGreat lion of God /
_cTaylor Caldwell.
260 _aGarden City, NY :
_bDoubleday & Company, Inc.,
_cc. 1970.
300 _aX, 597, [1] pp ;
_c22 cm.
600 1 9 _aPaul, the Apostle, Saint
650 9 _aBible N.T.
_xHistory of biblical events
650 9 _aChristian saints
650 9 _aApostles
650 9 _aBiographical fiction
650 9 _aChristian fiction
651 9 _aTarsus (Turkey)
655 _aFiction
040 _cBPK
041 0 _aeng
942 _cKS
008 s uk f |000 0 eng
999 _c48627
_d48627
856 _uhttp://koha.tu.koszalin.pl/cgi-bin/koha/opac-detail.pl?biblionumber=48627
_yKatalog online BPK